| 000 | 00778nam a2200205Ia 4500 | ||
|---|---|---|---|
| 999 |
_c37607 _d37607 |
||
| 001 | 3579 | ||
| 003 | GE_BSU | ||
| 005 | 20190528151404.0 | ||
| 008 | 181216s1983||||ge |||||||||||||| ||geo|| | ||
| 040 | _cGE_BSU | ||
| 041 | _ageo | ||
| 080 | _a515.5 წ-81 | ||
| 100 |
_aხატისკაცი,ი. _91717 |
||
| 245 |
_aწირები და ზედაპირები : დამხ.სახელმძღ. / _cი.ხატისკაცი ; რედ : მ. ძიძიგური. |
||
| 264 |
_aთბილისი : _bსპი, _c1983. |
||
| 300 |
_a125 გვ .: _c20 სმ. |
||
| 653 | _aწირები და ზედაპირები | ||
| 700 |
_aძიძიგური, მ _eრედაქტორი _9472 |
||
| 942 |
_cBK _2udc |
||